000 00698nam a2200229 i 4500
001 C2-0268599
003 PPAK
005 20180727235457.0
008 060808s2000 my |||| ||||| | may d
040 _aPPAK
_beng
_cPPAK
_erda
082 0 4 _a305.8992
_223
090 0 0 _a305.8992
_bISL
_dKAR
100 0 _aIslyas Mahyudin,
_cDr.
_eauthor
245 1 0 _aMencari Jati Diri Kebudayaan Melayu Patani: Suatu Upaya Pembinaan Dan Pengembangannya
264 1 _aPulau Pinang :
_bThaksin Universiti Songkhla ,
_c2000
300 _a8 pages ;
_c30 cm
336 _2rdacontent
_atext
337 _2rdamedia
_aunmediated
338 _2rdacarrier
_avolume
650 1 0 _aMalay -(Asian People)
942 _ddc
_cB
999 _c77393
_d77393